[Event "ch-CHN w"]
[Site "Xinghua Jiangsu CHN"]
[Date "2009.06.06"]
[Round "11"]
[White "Gu Xiaobing"]
[Black "Wang Xiaohui"]
[Result "1-0"]
[WhiteElo "2336"]
[BlackElo "2265"]
[EventDate "2009.05.26"]

1. e4 d6 2. d4 Nf6 3. Nc3 g6 4. f4 Bg7 5. Nf3 O-O 6. e5 Nfd7 7. h4 c5 8. h5
cxd4 9. hxg6 hxg6 10. Qxd4 dxe5 11. fxe5 Nxe5 12. Qh4 Nxf3+ 13. gxf3 f5 14.
Qh7+ Kf7 15. Rh6 Qd4 16. Qxg6+ Kg8 17. Rh1 Qf6 18. Qh5 Nc6 19. Rg1 Nd4 20.
Kf2 Be6 21. Bg5 Qe5 22. Re1 Qc5 23. Be3 Rf6 24. Ne2 Bf7 25. Rxg7+ Kxg7 26.
Qh4 e5 27. Nxd4 exd4 28. Bxd4 Qxc2+ 29. Re2 Qc6 30. Qg5+ 1-0

[Event "ch-CHN w"]
[Site "Xinghua Jiangsu CHN"]
[Date "2009.06.06"]
[Round "11"]
[White "Zhang Jilin"]
[Black "Wang Yu A"]
[Result "0-1"]
[WhiteElo "2335"]
[BlackElo "2364"]
[EventDate "2009.05.26"]

1. e4 e5 2. Nf3 Nc6 3. Bb5 a6 4. Ba4 Nf6 5. O-O Be7 6. Re1 b5 7. Bb3 d6 8.
c3 O-O 9. h3 Na5 10. Bc2 c5 11. d4 cxd4 12. cxd4 Qc7 13. Bg5 h6 14. Bh4 Bb7
15. Nc3 Nc4 16. Qc1 Rac8 17. Bb3 Nxb2 18. Qxb2 Qxc3 19. Qxc3 Rxc3 20. dxe5
dxe5 21. Nxe5 g5 22. Bg3 Nxe4 23. Rac1 Bb4 24. Rxc3 Bxc3 25. Rd1 Nxg3 26.
Nxf7 Ne2+ 27. Kf1 Nd4 28. Nxh6+ Kg7 29. Ng4 Nxb3 30. axb3 a5 31. Ne3 Rf7
0-1